IBM and the U.S. data processing industry

Αποθηκεύτηκε σε:
Λεπτομέρειες βιβλιογραφικής εγγραφής
Κύριος συγγραφέας: Fisher, Franklin M.
Μορφή: Βιβλίο
Γλώσσα:Undetermined
Έκδοση: New York Praeger Publishing 1983
Θέματα:
Ετικέτες: Προσθήκη ετικέτας
Δεν υπάρχουν, Καταχωρήστε ετικέτα πρώτοι!
Thư viện lưu trữ: Trung tâm Học liệu Trường Đại học Cần Thơ
LEADER 00572nam a2200205Ia 4500
001 CTU_82647
008 210402s9999 xx 000 0 und d
082 |a 338.7 
082 |b F533 
100 |a Fisher, Franklin M. 
245 0 |a IBM and the U.S. data processing industry 
245 0 |c Franklin M. Fisher, James W. McKie 
260 |a New York 
260 |b Praeger Publishing 
260 |c 1983 
650 |a Computer industry 
650 |x History 
650 |z United States 
904 |i Qhieu(sửa) 
980 |a Trung tâm Học liệu Trường Đại học Cần Thơ